00758nam a2200241 a 450000100060000000300080000600500170001400800410003102000150007203500190008704000320010604100080013808200220014610000300016824500790019826000550027730000290033250400510036165000140041265000350042670000280046170000270048947266BD-RjUL20211209054303.0160807s1979 ilua b 001 0 eng  a0673150569 a(BD-RjUL)47385 aDLCcDLCdDLCdBD-RjULbeng aeng00a371.102bFAT 19791 aFain, Stephen M.,d1940- 10aTeaching in America /cStephen M. Fain, Robert Shostak, with John F. Dean. aGlenview, Ill. :bScott, Foresman and Co.,cc1979. a364 p. :bill. ;c24 cm. aIncludes bibliographical references and index. 0aTeaching. 0aTeacher-student relationships.1 aShostak, Robert,d1931-1 aDean, John F.,d1926-